000 01718nam a2200373 c 4500
003 BLK
005 20240212161127.0
008 180409b bul|||||r ||||||| ||bul||
010 _aKNG00103783000
040 _aBLK
041 _aBUL
_cBUL
080 _aИнтелектуална собственост (право)
_b347.77/.78
_x(035)
_z347.77/.78(035)
700 1 _aДрумева, Мира
_eпрев. на бълг.
_9307813
700 _aИванова, Огняна Начева
_d1947-
_9369792
139 _aБуквар за авторски права : Как да оцелеем в света
_bБ 85
245 1 0 _aБуквар за авторски права
_bКак да оцелеем в света на интелектуалната собственост
_cпрев. на бълг. Мира Друмева; ред. Огняна Иванова.
245 1 0 _aФокус върху правата
_bОсн. ръководство за купуване и продаване на прев. права
_c
257 _aUSA
260 София
_bПосолство на САЩ
_c2002
300 _a167 с.
_c20 см
380 _a3
500 _aОфс. изд. - Съдържа и Речник.
650 4 _aАвторско право - наръчници и ръководства
_9253332
650 4 _aИнтелектуална собственост
_9270182
653 _aавторско право
653 _aинтелектуална собственост
653 _aръководства
852 _aЦб 212961
856 4 _qpdf
_u
856 4 _qpdf
_u
942 _cKNG
_n0
_02
944 _aCR
_c01.01.2002
_k30564
_lГалина Якимова
944 _aED
_c20.10.2006
_k
999 _c98832
_d98832